Initiation a la connaissance de l'homme : ses origines, ses besoins, son psychisme, sa vie intellectuelle et sociale.

Bibliographic Details
Main Author: Delattre, A. (Antoine)
Format: Book
Language:French
Published: Paris : Masson, 1965.
Subjects:

MARC

Tag First Indicator Second Indicator Subfields
LEADER 00000cam a2200000 4500
001 in00000049723
005 20151007073727.0
008 800610s1965 fr a 00000 fre d
035 |a (OCoLC)06404937 
035 |9 AAF0265AM 
040 |a TXA  |c TXA  |d UtOrBLW 
049 |a TXAM  |c [458106] 
090 |a BD450  |b .D45 1965 
092 |a 599.9  |b D341i, 1965 
100 1 |a Delattre, A.  |q (Antoine) 
245 1 0 |a Initiation a la connaissance de l'homme :  |b ses origines, ses besoins, son psychisme, sa vie intellectuelle et sociale. 
264 1 |a Paris :  |b Masson,  |c 1965. 
300 |a 146 pages :  |b illustrations 
336 |a text  |b txt  |2 rdacontent 
337 |a unmediated  |b n  |2 rdamedia 
338 |a volume  |b nc  |2 rdacarrier 
650 0 |a Human beings. 
999 |a MARS 
999 f f |s 83c84297-bc5e-3693-9b7b-9a9a5069dbcf  |i eac56551-a2f8-3da1-be07-588aaa4636c7  |t 0 
952 f f |p ric  |a Texas A&M University  |b Rellis Campus  |c Joint Library Facility  |d Remote Storage  |t 0  |e BD450 .D45 1965  |h Library of Congress classification  |i unmediated -- volume  |m A14801026543 
998 f f |a BD450 .D45 1965  |t 0  |l Remote Storage